[Event "ENCI Limburg-open C"]
[Site "Maastricht"]
[Date "2009.05.30"]
[Round "3"]
[White "De Vries, Robert"]
[Black "Koehorst, Andre"]
[Result "0-1"]
[WhiteElo "1543"]
[BlackElo "1682"]
[PlyCount "146"]
[EventDate "2009.05.29"]
[EventType "swiss"]
[EventRounds "7"]
[EventCountry "NED"]
[Source "P.Boonen"]
[SourceDate "2010.01.01"]

1. d4 d5 2. Nf3 Bg4 3. e3 Nf6 4. Nbd2 Nbd7 5. Be2 e6 6. O-O Bd6 7. c4 dxc4 8.
Nxc4 O-O 9. h3 Bh5 10. Na5 Qb8 11. Qb3 Nb6 12. Bd2 c6 13. Rad1 Ne4 14. Rfe1
Bxf3 15. Bxf3 Bh2+ 16. Kf1 Ng5 17. e4 Nxf3 18. Qxf3 Bc7 19. Bc3 Na4 20. Rc1
Nxc3 21. Qxc3 Bxa5 22. Qxa5 Qh2 23. Qg5 Rad8 24. Rcd1 h6 25. Qe3 Qc7 26. Qc3
Rd7 27. e5 Rfd8 28. b4 Qb6 29. Re4 Qb5+ 30. Kg1 a5 31. a3 axb4 32. Qxb4 Qxb4
33. axb4 Rd5 34. f3 Ra8 35. Re3 Ra4 36. Rb1 Kf8 37. Rc3 Rb5 38. Rc4 Ke7 39. Rb2
f6 40. f4 fxe5 41. fxe5 Ra3 42. Kf2 Rd5 43. Ke2 Rb5 44. Rc5 Rg3 45. Kf2 Rd3 46.
Rc4 Kd7 47. Ke2 Ra3 48. Rcc2 Ra4 49. Rc4 Kc7 50. Kd2 Kb6 51. Kc3 Ra3+ 52. Rb3
Ra2 53. Rb2 Rxb2 54. Kxb2 Rd5 55. Kc3 Kc7 56. Rc5 Rd8 57. Kd3 Ra8 58. Rc2 Ra3+
59. Rc3 Ra1 60. Rc2 Kb6 61. Kc4 Rf1 62. Kb3 h5 63. Kc4 g5 64. Rb2 g4 65. hxg4
hxg4 66. Rb3 Rc1+ 67. Rc3 Rxc3+ 68. Kxc3 Kb5 69. g3 Ka4 70. Kc4 b6 71. Kc3 b5
72. Kd3 Kxb4 73. Ke4 Kc4 0-1

[Event "ENCI Limburg-open C"]
[Site "Maastricht"]
[Date "2009.05.30"]
[Round "3"]
[White "Fortenbacher, Florian"]
[Black "Van Leeuwen, Jan"]
[Result "1-0"]
[WhiteElo "1250"]
[BlackElo "1612"]
[PlyCount "115"]
[EventDate "2009.05.29"]
[EventType "swiss"]
[EventRounds "7"]
[EventCountry "NED"]
[Source "P.Boonen"]
[SourceDate "2010.01.01"]

1. e4 c5 2. Nf3 Nc6 3. b3 d6 4. Bb2 Bg4 5. Bc4 e6 6. h3 Bh5 7. d3 a6 8. d4 b5
9. Be2 Bg6 10. d5 exd5 11. exd5 Nb4 12. Bd3 Qe7+ 13. Kd2 O-O-O 14. Bxg6 hxg6
15. Kc1 Qe4 16. Nc3 Nf6 17. Nxe4 Nxe4 18. a3 Nxf2 19. Qf1 Nxh1 20. axb4 Ng3 21.
Qe1 Nf5 22. g4 Ne7 23. Rxa6 Nxd5 24. Ra8+ Kd7 25. Rxd8+ Kxd8 26. bxc5 Rxh3 27.
Qa5+ Nc7 28. cxd6 Bxd6 29. Ng5 Bf4+ 30. Kb1 Bxg5 31. Be5 Rh1+ 32. Kb2 Bc1+ 33.
Ka2 Rd1 34. Qxc7+ Ke8 35. Qc6+ Rd7 36. Qxb5 f6 37. Bb2 Bf4 38. Qc4 Bd6 39. Qe4+
Kf7 40. Qd5+ Ke7 41. Ba3 Bxa3 42. Qe4+ Kf7 43. Kxa3 g5 44. c4 Ra7+ 45. Kb4 g6
46. Qd5+ Kg7 47. c5 Rf7 48. c6 f5 49. gxf5 Rxf5 50. Qd7+ Kh6 51. c7 Rf4+ 52.
Ka5 g4 53. Qd2 g5 54. c8=Q g3 55. Qh3+ Kg6 56. Qd6+ Rf6 57. Qd3+ Rf5+ 58.
Qdxf5+ 1-0

[Event "ENCI Limburg-open C"]
[Site "Maastricht"]
[Date "2009.05.30"]
[Round "3"]
[White "Freriks, Oscar"]
[Black "Hebels, Alex"]
[Result "0-1"]
[WhiteElo "1549"]
[BlackElo "1144"]
[PlyCount "34"]
[EventDate "2009.05.29"]
[EventType "swiss"]
[EventRounds "7"]
[EventCountry "NED"]
[Source "P.Boonen"]
[SourceDate "2010.01.01"]

1. e4 Nf6 2. Bc4 b5 3. Bxb5 Nxe4 4. Qf3 Bb7 5. d3 Nd6 6. Bxd7+ Nxd7 7. Qh3 e6
8. Ne2 Be7 9. Nf4 Nf5 10. Rg1 O-O 11. Nc3 Nd4 12. Kd1 Nf6 13. g4 Nd5 14. Ncxd5
Bxd5 15. Nh5 Bf3+ 16. Kd2 Bg5+ 17. Kc3 Ne2+ 0-1

[Event "ENCI Limburg-open C"]
[Site "Maastricht"]
[Date "2009.05.30"]
[Round "3"]
[White "Haitsma, Henk"]
[Black "Zalewski, Arkadiusz"]
[Result "1-0"]
[WhiteElo "1673"]
[BlackElo "1414"]
[PlyCount "81"]
[EventDate "2009.05.29"]
[EventType "swiss"]
[EventRounds "7"]
[EventCountry "NED"]
[Source "P.Boonen"]
[SourceDate "2010.01.01"]

1. d4 Nf6 2. c4 e6 3. Bg5 Bb4+ 4. Bd2 Bxd2+ 5. Nxd2 d5 6. Ngf3 O-O 7. Qc2 b6 8.
e4 dxe4 9. Nxe4 Bb7 10. Bd3 Nbd7 11. O-O-O Bxe4 12. Bxe4 Nxe4 13. Qxe4 Nf6 14.
Qc2 c6 15. h4 Re8 16. Ne5 Qc7 17. f4 Ng4 18. Qe2 Nxe5 19. Qxe5 Qxe5 20. dxe5
Rad8 21. Rd6 Rxd6 22. exd6 c5 23. Kc2 Rd8 24. Rd1 Kf8 25. Kc3 Ke8 26. b4 Kd7
27. b5 f6 28. g4 e5 29. f5 Ke8 30. Rd5 Kd7 31. a4 Rg8 32. g5 Re8 33. Kd3 e4+
34. Ke3 Re5 35. Rxe5 fxe5 36. Kxe4 Kxd6 37. h5 Ke7 38. Kxe5 Kf7 39. Kd6 h6 40.
gxh6 gxh6 41. Kc7 1-0

[Event "ENCI Limburg-open C"]
[Site "Maastricht"]
[Date "2009.05.30"]
[Round "3"]
[White "Heijltjes, Thijs"]
[Black "Vissers, Yorrick"]
[Result "1/2-1/2"]
[WhiteElo "1450"]
[BlackElo "1670"]
[PlyCount "81"]
[EventDate "2009.05.29"]
[EventType "swiss"]
[EventRounds "7"]
[EventCountry "NED"]
[Source "P.Boonen"]
[SourceDate "2010.01.01"]

1. e4 c5 2. Nf3 d6 3. Be2 Nc6 4. O-O Nf6 5. d3 g6 6. c3 Bg7 7. Be3 O-O 8. Nbd2
e5 9. Ne1 Re8 10. Nc2 a6 11. f4 exf4 12. Bxf4 d5 13. Bf3 dxe4 14. dxe4 Ne5 15.
Bxe5 Rxe5 16. Nc4 Qxd1 17. Raxd1 Re8 18. Rfe1 Nd7 19. Nd6 Re7 20. Bg4 f5 21.
exf5 Rxe1+ 22. Rxe1 Nf6 23. Bh3 Bxf5 24. Bxf5 gxf5 25. Nxf5 Bf8 26. Nce3 Rd8
27. g4 b5 28. Re2 Re8 29. Kf1 Rd8 30. h4 c4 31. g5 Nh5 32. Ng4 Bc5 33. Ngh6+
Kf8 34. Ke1 Nf4 35. Re4 Nd3+ 36. Ke2 Nxb2 37. Re6 Re8 38. Rxe8+ Kxe8 39. Ng7+
Ke7 40. Ngf5+ Ke8 41. Ng7+ 1/2-1/2

[Event "ENCI Limburg-open C"]
[Site "Maastricht"]
[Date "2009.05.30"]
[Round "3"]
[White "Heuts, Guido"]
[Black "Keetman, Dennis"]
[Result "0-1"]
[WhiteElo "1510"]
[BlackElo "1675"]
[PlyCount "80"]
[EventDate "2009.05.29"]
[EventType "swiss"]
[EventRounds "7"]
[EventCountry "NED"]
[Source "P.Boonen"]
[SourceDate "2010.01.01"]

1. d4 Nf6 2. c4 e6 3. Nc3 Bb4 4. Bd2 b6 5. Nf3 Bb7 6. e3 Nc6 7. Bd3 d5 8. O-O
Ba6 9. Qe2 Bd6 10. cxd5 Bxd3 11. Qxd3 exd5 12. e4 Nb4 13. Qe2 Be7 14. exd5
Nfxd5 15. Nxd5 Nxd5 16. Rfe1 O-O 17. a3 Re8 18. Qd1 Qd6 19. Ne5 Bf6 20. Nc4 Qc6
21. Ne5 Bxe5 22. dxe5 Rad8 23. Qc1 Qg6 24. Bc3 Qg4 25. f3 Qc4 26. Re4 Qd3 27.
Qd2 Nxc3 28. Qxc3 Qxc3 29. bxc3 Rd5 30. f4 f6 31. c4 Rc5 32. e6 f5 33. Re5 Rxe5
34. fxe5 Rxe6 35. Re1 Kf7 36. Kf2 Rc6 37. e6+ Rxe6 38. Rxe6 Kxe6 39. Ke3 Ke5
40. g3 g5 0-1

[Event "ENCI Limburg-open C"]
[Site "Maastricht"]
[Date "2009.05.30"]
[Round "3"]
[White "Ingelaere, Tijl"]
[Black "Orbons, Richard"]
[Result "0-1"]
[WhiteElo "1448"]
[BlackElo "1672"]
[PlyCount "174"]
[EventDate "2009.05.29"]
[EventType "swiss"]
[EventRounds "7"]
[EventCountry "NED"]
[Source "P.Boonen"]
[SourceDate "2010.01.01"]

1. e4 d6 2. d4 g6 3. Nc3 Nf6 4. Nf3 Bg7 5. Bg5 c6 6. Bc4 O-O 7. Qd2 b5 8. Bb3
b4 9. Ne2 Nxe4 10. Qxb4 Nxg5 11. Nxg5 e6 12. Ne4 d5 13. Nc5 Qb6 14. a3 Na6 15.
Nxa6 Bxa6 16. Qxb6 axb6 17. c3 c5 18. dxc5 bxc5 19. Bc2 Rfb8 20. b4 Bxe2 21.
Kxe2 Bxc3 22. Rab1 cxb4 23. axb4 Bxb4 24. Rb3 Bd6 25. h3 Rc8 26. Bd3 Ra2+ 27.
Kf3 e5 28. Rf1 f5 29. Bb1 e4+ 30. Ke3 f4+ 31. Kd4 Rd2+ 32. Bd3 Rxd3+ 33. Rxd3
exd3 34. Kxd3 Be5 35. Re1 Bf6 36. f3 Kf7 37. Rb1 Rc3+ 38. Kd2 Re3 39. Rb7+ Re7
40. Rb5 Bc3+ 41. Kxc3 Re2 42. Rxd5 Rxg2 43. Kd3 Ke6 44. Ra5 g5 45. Ra7 Rg3 46.
Rxh7 Rxf3+ 47. Ke2 Rg3 48. Kf2 Kf5 49. h4 Rh3 50. h5 g4 51. h6 Rh2+ 52. Kg1 g3
53. Rh8 Kg6 54. Rf8 Rh4 55. Kg2 Rh2+ 56. Kg1 Rh4 57. Kg2 Kxh6 58. Rh8+ Kg5 59.
Rg8+ Kf6 60. Kf3 Kf7 61. Rg5 Kf6 62. Rg8 Ke5 63. Re8+ Kd4 64. Rd8+ Kc3 65. Rd7
Kc2 66. Rd8 Rh1 67. Rg8 Rf1+ 68. Kg2 Rf2+ 69. Kg1 Kd1 70. Re8 f3 71. Rg8 Rg2+
72. Kf1 Rf2+ 73. Kg1 Ke1 74. Rxg3 Rf1+ 75. Kh2 Kf2 76. Rg8 Re1 77. Rg7 Re6 78.
Rh7 Rg6 79. Rh8 Rg7 80. Kh1 Kf1 81. Rh6 Re7 82. Rh8 Re5 83. Rh3 f2 84. Kh2 Ke2
85. Ra3 f1=Q 86. Ra2+ Kf3 87. Ra3+ Re3 0-1

[Event "ENCI Limburg-open C"]
[Site "Maastricht"]
[Date "2009.05.30"]
[Round "3"]
[White "Keetman, Maaike"]
[Black "Swijsen, Willy"]
[Result "1-0"]
[WhiteElo "1341"]
[BlackElo "1196"]
[PlyCount "77"]
[EventDate "2009.05.29"]
[EventType "swiss"]
[EventRounds "7"]
[EventCountry "NED"]
[Source "P.Boonen"]
[SourceDate "2010.01.01"]

1. e4 d5 2. exd5 Nf6 3. Bb5+ c6 4. dxc6 Nxc6 5. Nf3 Bd7 6. Nc3 Qb6 7. d4 e6 8.
O-O O-O-O 9. Bxc6 Bxc6 10. b3 Nd5 11. Nxd5 Bxd5 12. Ne5 Qc7 13. Bf4 Bd6 14. Bg3
f6 15. Ng4 h5 16. Ne3 h4 17. Nxd5 exd5 18. Bxd6 Qxd6 19. Qg4+ Kb8 20. h3 g5 21.
Rfe1 Qb4 22. a3 Qc3 23. Rac1 Rhe8 24. Rxe8 Rxe8 25. Qd7 Rc8 26. Qd6+ Ka8 27.
Qxf6 Qd2 28. Rf1 a6 29. Qf5 Rxc2 30. Qxd5 Qf4 31. Qe5 Qd2 32. Qe3 Qxe3 33. fxe3
Rc3 34. Rf3 Rxb3 35. e4 Rb1+ 36. Rf1 Rb3 37. Rd1 Rxa3 38. d5 Re3 39. d6 1-0

[Event "ENCI Limburg-open C"]
[Site "Maastricht"]
[Date "2009.05.30"]
[Round "3"]
[White "Kerssemakers, Frans"]
[Black "Beukema, Jasper"]
[Result "1/2-1/2"]
[WhiteElo "1609"]
[BlackElo "858"]
[PlyCount "49"]
[EventDate "2009.05.29"]
[EventType "swiss"]
[EventRounds "7"]
[EventCountry "NED"]
[Source "P.Boonen"]
[SourceDate "2010.01.01"]

1. d4 d5 2. c4 Bf5 3. Nf3 e6 4. e3 Bd6 5. Nc3 Nf6 6. cxd5 exd5 7. Qb3 b6 8.
Bb5+ c6 9. Be2 O-O 10. O-O c5 11. h3 Nc6 12. Qd1 Qd7 13. Nh2 Nb4 14. a3 cxd4
15. axb4 dxc3 16. bxc3 Qc7 17. Ng4 Bxg4 18. hxg4 Qxc3 19. Bd2 Qb2 20. Rb1 Qe5
21. f4 Qe6 22. Bf3 Rfc8 23. Qe2 Qe7 24. Qd3 Rc4 25. b5 1/2-1/2

[Event "ENCI Limburg-open C"]
[Site "Maastricht"]
[Date "2009.05.30"]
[Round "3"]
[White "Liston, Mike"]
[Black "Van Odijk, Frank"]
[Result "1/2-1/2"]
[WhiteElo "1670"]
[BlackElo "1635"]
[PlyCount "54"]
[EventDate "2009.05.29"]
[EventType "swiss"]
[EventRounds "7"]
[EventCountry "NED"]
[Source "P.Boonen"]
[SourceDate "2010.01.01"]

1. e4 e5 2. Nf3 Nc6 3. Bb5 a6 4. Ba4 Nf6 5. O-O Be7 6. Re1 b5 7. Bb3 d6 8. a4
Bb7 9. a5 O-O 10. d4 exd4 11. Nxd4 Nxd4 12. Qxd4 c5 13. Qe3 Nd7 14. Bd5 Bxd5
15. exd5 Bf6 16. Nc3 Bd4 17. Qg3 Be5 18. Bf4 Bxf4 19. Qxf4 Qf6 20. Qe3 b4 21.
Ne4 Qxb2 22. Nxd6 Qxc2 23. Qe7 Nf6 24. Rac1 Qd3 25. Qc7 Qxd5 26. Rxc5 Qd2 27.
Rce5 Rad8 1/2-1/2

[Event "ENCI Limburg-open C"]
[Site "Maastricht"]
[Date "2009.05.30"]
[Round "3"]
[White "Maessen, Roy"]
[Black "Visse, Bernard"]
[Result "1-0"]
[WhiteElo "1394"]
[BlackElo "1668"]
[PlyCount "97"]
[EventDate "2009.05.29"]
[EventType "swiss"]
[EventRounds "7"]
[EventCountry "NED"]
[Source "P.Boonen"]
[SourceDate "2010.01.01"]

1. d4 f5 2. Nf3 Nf6 3. e3 d6 4. c4 g6 5. Be2 Bg7 6. Nbd2 O-O 7. O-O Qe8 8. b3
e5 9. dxe5 dxe5 10. Ba3 Rf7 11. Rc1 h6 12. c5 Kh7 13. Bc4 Rd7 14. Bb5 Nc6 15.
Qe1 Rd8 16. Nc4 Ne4 17. Bb2 Nxc5 18. Ncxe5 a6 19. Bxc6 Qf8 20. Qb4 bxc6 21.
Qxc5 Qxc5 22. Rxc5 Bb7 23. Bd4 Rd5 24. Rfc1 Rad8 25. Rxd5 Rxd5 26. h3 Rd6 27.
Nc4 Re6 28. Bxg7 Kxg7 29. Rd1 Re7 30. Nfe5 g5 31. Rd7 Kf6 32. Kf1 a5 33. Rxe7
Kxe7 34. Nxa5 Ba6+ 35. Nac4 Bb5 36. a4 Ke6 37. axb5 cxb5 38. Na3 Kxe5 39. Nxb5
c6 40. Nc3 h5 41. g3 Kd6 42. Ke2 Ke5 43. f4+ Kf6 44. Kf3 g4+ 45. hxg4 hxg4+ 46.
Ke2 Ke6 47. Kd3 Kd7 48. Kd4 Kd6 49. b4 1-0

[Event "ENCI Limburg-open C"]
[Site "Maastricht"]
[Date "2009.05.30"]
[Round "3"]
[White "Mohamedjoesoef, Rafiek"]
[Black "Weerts, Rene"]
[Result "1/2-1/2"]
[WhiteElo "1664"]
[BlackElo "1556"]
[PlyCount "111"]
[EventDate "2009.05.29"]
[EventType "swiss"]
[EventRounds "7"]
[EventCountry "NED"]
[Source "P.Boonen"]
[SourceDate "2010.01.01"]

1. e4 g6 2. d4 d6 3. Be3 Bg7 4. Bc4 c5 5. Ne2 Qb6 6. b3 cxd4 7. Bxd4 Qa5+ 8.
Bc3 Bxc3+ 9. Nbxc3 Nc6 10. O-O Nf6 11. f3 Qg5 12. a3 Bh3 13. Rf2 Bd7 14. b4 Qe3
15. Qc1 Qb6 16. Qd2 Ne5 17. Bb3 h5 18. Qd4 Qc7 19. Nf4 O-O 20. Nfd5 Nxd5 21.
Nxd5 Qd8 22. f4 Ng4 23. Rf3 e5 24. Qd2 Be6 25. f5 Bxd5 26. Bxd5 Kg7 27. fxg6
Qb6+ 28. Kh1 fxg6 29. Raf1 Rxf3 30. gxf3 Rf8 31. Qg5 Rf6 32. Rg1 Qe3 33. Rxg4
Qxf3+ 34. Rg2 h4 35. Qg4 Qxa3 36. Qd7+ Kh6 37. h3 Rf3 38. Kh2 Qe3 39. Qg4 Qf4+
40. Qxf4+ Rxf4 41. Bxb7 g5 42. c4 Rf7 43. Bd5 Rc7 44. Rc2 Kh5 45. c5 g4 46.
hxg4+ Kg5 47. Kh3 dxc5 48. bxc5 a5 49. c6 Kf4 50. Rc5 a4 51. Ra5 Rg7 52. Rxa4
Rxg4 53. c7 Rg3+ 54. Kxh4 Rg7 55. Kh3 Rxc7 56. Ra3 1/2-1/2

[Event "ENCI Limburg-open C"]
[Site "Maastricht"]
[Date "2009.05.30"]
[Round "3"]
[White "Mohr, Markus"]
[Black "Rahangmetan, Derek Jan"]
[Result "1-0"]
[WhiteElo "1671"]
[BlackElo "1445"]
[PlyCount "149"]
[EventDate "2009.05.29"]
[EventType "swiss"]
[EventRounds "7"]
[EventCountry "NED"]
[Source "P.Boonen"]
[SourceDate "2010.01.01"]

1. e4 e5 2. Nf3 Nc6 3. d3 Bc5 4. g3 d6 5. Bg2 Be6 6. O-O Qd7 7. c3 Bb6 8. Nbd2
Nge7 9. Qc2 f6 10. b4 Bh3 11. a4 a5 12. b5 Nd8 13. Nc4 Bxg2 14. Kxg2 O-O 15.
Nxb6 cxb6 16. Be3 Qc7 17. Nd2 f5 18. Nc4 Nc8 19. Nb2 fxe4 20. dxe4 Qf7 21. f4
Qh5 22. fxe5 Qxe5 23. Bd4 Qe6 24. Rxf8+ Kxf8 25. Rf1+ Kg8 26. Kg1 Nf7 27. Re1
Ne5 28. Rf1 Nd7 29. Qf2 Qe7 30. Nd1 Nc5 31. e5 dxe5 32. Bxe5 Nd3 33. Qa2+ Kh8
34. Bd4 Nc5 35. Rf7 Qe1+ 36. Rf1 Qe7 37. Qf7 Qxf7 38. Rxf7 Ne6 39. Rxb7 Nxd4
40. cxd4 Ra7 41. Rxa7 Nxa7 42. Kf2 Kg8 43. Kf3 Kf7 44. Ke4 Nc8 45. Ke5 Ke7 46.
Ne3 Kf7 47. Kd5 g6 48. Kc6 Ke6 49. Kc7 Nd6 50. Kxb6 Kd7 51. Kxa5 Kc8 52. Kb6
Kb8 53. Kc6 Nb7 54. Nc4 h5 55. d5 g5 56. d6 h4 57. a5 hxg3 58. hxg3 g4 59. d7
Nd8+ 60. Kd6 Kb7 61. Ne5 Ka8 62. Kc7 Ne6+ 63. Kc8 Ka7 64. d8=Q Nxd8 65. Kxd8
Kb8 66. Nxg4 Kb7 67. Ne5 Kb8 68. g4 Kb7 69. g5 Kb8 70. g6 Kb7 71. g7 Kb8 72.
g8=Q Kb7 73. Qf7+ Kb8 74. Nc6+ Ka8 75. Qa7# 1-0

[Event "ENCI Limburg-open C"]
[Site "Maastricht"]
[Date "2009.05.30"]
[Round "3"]
[White "Platje, Albert"]
[Black "Yue, Tim"]
[Result "0-1"]
[WhiteElo "1677"]
[BlackElo "1497"]
[PlyCount "23"]
[EventDate "2009.05.29"]
[EventType "swiss"]
[EventRounds "7"]
[EventCountry "NED"]
[Source "P.Boonen"]
[SourceDate "2010.01.01"]

1. e4 c5 2. Bc4 d6 3. d3 g6 4. f4 Bg7 5. Nf3 Nc6 6. O-O e6 7. Nc3 Nf6 8. Kh1
O-O 9. e5 dxe5 10. fxe5 Nd7 11. Bg5 Qe8 12. Nb5 0-1

[Event "ENCI Limburg-open C"]
[Site "Maastricht"]
[Date "2009.05.30"]
[Round "3"]
[White "Reyskens, Jules"]
[Black "Esser, Thomas"]
[Result "1/2-1/2"]
[WhiteElo "1642"]
[BlackElo "1670"]
[PlyCount "32"]
[EventDate "2009.05.29"]
[EventType "swiss"]
[EventRounds "7"]
[EventCountry "NED"]
[Source "P.Boonen"]
[SourceDate "2010.01.01"]

1. e4 c5 2. Nf3 e6 3. d4 cxd4 4. Nxd4 Nf6 5. Nc3 Nc6 6. Be3 Bb4 7. Bd3 d5 8.
Nxc6 bxc6 9. exd5 cxd5 10. Bd4 O-O 11. O-O Re8 12. a3 Bd6 13. f4 a6 14. Qf3 Rb8
15. b4 Bb7 16. Qh3 h6 1/2-1/2

[Event "ENCI Limburg-open C"]
[Site "Maastricht"]
[Date "2009.05.30"]
[Round "3"]
[White "Rodriguez, Abelardo"]
[Black "Elisen, Peter"]
[Result "0-1"]
[WhiteElo "1398"]
[BlackElo "1621"]
[PlyCount "66"]
[EventDate "2009.05.29"]
[EventType "swiss"]
[EventRounds "7"]
[EventCountry "NED"]
[Source "P.Boonen"]
[SourceDate "2010.01.01"]

1. e4 d6 2. d4 Nd7 3. Nf3 e5 4. d5 Ngf6 5. Nc3 Be7 6. Bc4 h6 7. O-O Nf8 8. h3
g5 9. Bd3 Ng6 10. Ne2 g4 11. hxg4 Bxg4 12. Ng3 Qd7 13. Be2 h5 14. Qd3 h4 15.
Nh1 O-O-O 16. Be3 a6 17. a4 Rdg8 18. Ra3 h3 19. Ng3 hxg2 20. Rd1 Bxf3 21. Bxf3
Nf4 22. Bxf4 exf4 23. Bxg2 fxg3 24. fxg3 Qg4 25. Rc3 Nd7 26. Qc4 Qxd1+ 27. Bf1
Nc5 28. b4 Qd2 29. Be2 Qe1+ 30. Kg2 Qh1+ 31. Kf2 Rh2+ 32. Ke3 Bg5+ 33. Kd4 Qg1+
0-1

[Event "ENCI Limburg-open C"]
[Site "Maastricht"]
[Date "2009.05.30"]
[Round "3"]
[White "Schoffelen, Jan"]
[Black "Frijns, Raoul"]
[Result "0-1"]
[WhiteElo "1421"]
[BlackElo "1632"]
[PlyCount "58"]
[EventDate "2009.05.29"]
[EventType "swiss"]
[EventRounds "7"]
[EventCountry "NED"]
[Source "P.Boonen"]
[SourceDate "2010.01.01"]

1. e4 c5 2. Nf3 Nc6 3. a3 d6 4. d4 cxd4 5. Nxd4 Nf6 6. Nc3 e5 7. Nf3 Bg4 8. Be2
Be7 9. Be3 O-O 10. h3 Bh5 11. Nd2 Bxe2 12. Qxe2 Rc8 13. O-O a6 14. Nd5 Re8 15.
f3 Nxd5 16. exd5 Nd4 17. Bxd4 exd4 18. Qd3 Qb6 19. Nb3 Bf6 20. Rfe1 Re3 21.
Rxe3 dxe3 22. c3 Qxb3 23. Qxe3 Qxd5 24. Re1 Qc5 25. Kh1 Qxe3 26. Rxe3 g6 27.
Rd3 Re8 28. Rxd6 Re1+ 29. Kh2 Be5+ 0-1

[Event "ENCI Limburg-open C"]
[Site "Maastricht"]
[Date "2009.05.30"]
[Round "3"]
[White "Slangen Knuit, Dien"]
[Black "Roemhild, Wolfgang"]
[Result "0-1"]
[WhiteElo "1265"]
[BlackElo "1648"]
[PlyCount "48"]
[EventDate "2009.05.29"]
[EventType "swiss"]
[EventRounds "7"]
[EventCountry "NED"]
[Source "P.Boonen"]
[SourceDate "2010.01.01"]

1. d4 d5 2. e3 g6 3. c4 Nf6 4. Nc3 c6 5. cxd5 cxd5 6. Nf3 a6 7. Be2 Bg7 8. O-O
O-O 9. b3 Nc6 10. Bb2 Bf5 11. a4 Qb6 12. Rc1 Na5 13. Ne5 Nxb3 14. Nxd5 Nxd5 15.
Nd7 Bxd7 16. Rc4 Na5 17. Rc5 Qxb2 18. Rxd5 Rfd8 19. Rxa5 Qb4 20. Re5 Bxe5 21.
dxe5 Bxa4 22. Qc1 Rac8 23. Qa1 b5 24. Bg4 Qxg4 0-1

[Event "ENCI Limburg-open C"]
[Site "Maastricht"]
[Date "2009.05.30"]
[Round "3"]
[White "Sterck, Arno"]
[Black "Hilverda, Jan"]
[Result "1/2-1/2"]
[WhiteElo "1343"]
[BlackElo "989"]
[PlyCount "63"]
[EventDate "2009.05.29"]
[EventType "swiss"]
[EventRounds "7"]
[EventCountry "NED"]
[Source "P.Boonen"]
[SourceDate "2010.01.01"]

1. e4 c5 2. Nc3 Nc6 3. f4 d6 4. Nf3 Bg4 5. Be2 g6 6. O-O Bg7 7. d3 a6 8. Qe1
Nb4 9. Bd1 Qb6 10. Qf2 Bxf3 11. Bxf3 Bd4 12. Be3 Bxe3 13. Qxe3 Nxc2 14. Qf2
Nxa1 15. Rxa1 e6 16. Bd1 Ne7 17. Ba4+ Nc6 18. f5 O-O 19. f6 Ne5 20. Qh4 Qd8 21.
Rf1 b5 22. Bd1 h5 23. Qg5 Kh7 24. Bxh5 Rg8 25. Rf4 Rg7 26. Qh4 Kg8 27. fxg7
Qxh4 28. Rxh4 Kxg7 29. Be2 g5 30. Rh3 Ng6 31. Bh5 Nf4 32. Rg3 1/2-1/2

[Event "ENCI Limburg-open C"]
[Site "Maastricht"]
[Date "2009.05.30"]
[Round "3"]
[White "Titgemeyer, Eva Maria"]
[Black "Daemen, Jules"]
[Result "1/2-1/2"]
[WhiteElo "1055"]
[BlackElo "1626"]
[PlyCount "75"]
[EventDate "2009.05.29"]
[EventType "swiss"]
[EventRounds "7"]
[EventCountry "NED"]
[Source "P.Boonen"]
[SourceDate "2010.01.01"]

1. e4 e6 2. d4 d5 3. Nd2 Nf6 4. Ngf3 dxe4 5. Ng5 Qxd4 6. c3 Qd8 7. Ngxe4 Nxe4
8. Nxe4 Qxd1+ 9. Kxd1 Be7 10. Bf4 c6 11. Kc2 O-O 12. Rd1 Nd7 13. Bd6 Bxd6 14.
Nxd6 Nf6 15. Be2 Nd5 16. Ne4 Rd8 17. c4 Bd7 18. cxd5 cxd5 19. Ng5 Bc6 20. Bd3
h6 21. Nf3 Rac8 22. Kb1 Kf8 23. Ne5 Ke7 24. Rc1 f6 25. Nxc6+ bxc6 26. Rhe1 e5
27. f4 e4 28. Be2 f5 29. g4 Rf8 30. gxf5 Rc7 31. Bg4 h5 32. Bh3 Kd6 33. Rf1 Rb8
34. Rc2 c5 35. Rd1 Rb4 36. Rcd2 d4 37. Re2 Re7 38. Bg2 1/2-1/2

[Event "ENCI Limburg-open C"]
[Site "Maastricht"]
[Date "2009.05.30"]
[Round "3"]
[White "Uiterwijk, Jos"]
[Black "Lenders, Raoul"]
[Result "1/2-1/2"]
[WhiteElo "1681"]
[BlackElo "1652"]
[PlyCount "120"]
[EventDate "2009.05.29"]
[EventType "swiss"]
[EventRounds "7"]
[EventCountry "NED"]
[Source "P.Boonen"]
[SourceDate "2010.01.01"]

1. e4 e5 2. Nf3 Nc6 3. d4 exd4 4. Nxd4 Bc5 5. Be3 Qf6 6. c3 Nge7 7. Qd2 a6 8.
Nxc6 Bxe3 9. Qxe3 Nxc6 10. Be2 O-O 11. O-O Re8 12. f3 d5 13. Bd3 Be6 14. Qd2
Rad8 15. Qc2 Ne5 16. Be2 dxe4 17. fxe4 Qg5 18. Qc1 Qg6 19. Qf4 f6 20. Na3 Rd7
21. Nc2 Bc4 22. Bxc4+ Nxc4 23. b3 Nd6 24. Rae1 Rxe4 25. Rxe4 Qxe4 26. Qd2 Qe7
27. Re1 Qf7 28. Qe2 Kf8 29. Qf2 Re7 30. Rxe7 Qxe7 31. Nd4 Qe5 32. Qd2 Kf7 33.
Nf3 Qe4 34. c4 Qb1+ 35. Ne1 Qe4 36. Nf3 Qe7 37. Qd5+ Qe6 38. Qd3 h6 39. Kf1 Qe4
40. Qd1 Qe7 41. Nd2 Ne4 42. Nxe4 Qxe4 43. Qd7+ Kg6 44. Qd2 Qf5+ 45. Kg1 Qb1+
46. Kf2 Qf5+ 47. Kg1 Qe6 48. Qc2+ f5 49. Qd2 b6 50. h3 Kf7 51. Qd1 Ke7 52. Kh1
g5 53. Qa1 Qf6 54. Qe1+ Kf7 55. Qd1 c5 56. Qd7+ Kg6 57. Qe8+ Qf7 58. Qc6+ Qf6
59. Qe8+ Kg7 60. Qd7+ Kg6 1/2-1/2

[Event "ENCI Limburg-open C"]
[Site "Maastricht"]
[Date "2009.05.30"]
[Round "3"]
[White "Van Herck, Rob"]
[Black "Ooms, Bart"]
[Result "1-0"]
[WhiteElo "1535"]
[BlackElo "1739"]
[PlyCount "51"]
[EventDate "2009.05.29"]
[EventType "swiss"]
[EventRounds "7"]
[EventCountry "NED"]
[Source "P.Boonen"]
[SourceDate "2010.01.01"]

1. e4 e5 2. Nf3 Nc6 3. d4 exd4 4. Nxd4 g6 5. Nxc6 bxc6 6. Qd4 Qf6 7. Qxf6 Nxf6
8. Bd3 Bg7 9. Nc3 O-O 10. Bf4 Rb8 11. Bxc7 Rxb2 12. O-O Ne8 13. Ba5 Nd6 14.
Rab1 Bxc3 15. Bxc3 Rxb1 16. Rxb1 Re8 17. e5 Nb7 18. Ba6 Nc5 19. Bxc8 Rxc8 20.
Bd4 Ne4 21. Bxa7 Re8 22. Rb8 Kf8 23. f3 Rxb8 24. Bxb8 Nc3 25. Bd6+ Kg7 26. e6
1-0

[Event "ENCI Limburg-open C"]
[Site "Maastricht"]
[Date "2009.05.30"]
[Round "3"]
[White "Van Steenwinckel, Hugo"]
[Black "Marcoen, Tom"]
[Result "1-0"]
[WhiteElo "1658"]
[BlackElo "1488"]
[PlyCount "57"]
[EventDate "2009.05.29"]
[EventType "swiss"]
[EventRounds "7"]
[EventCountry "NED"]
[Source "P.Boonen"]
[SourceDate "2010.01.01"]

1. e4 e6 2. d4 d5 3. e5 c5 4. c3 Nc6 5. Nf3 Qb6 6. Bd3 cxd4 7. cxd4 Bd7 8. O-O
Nxd4 9. Nxd4 Qxd4 10. Nc3 a6 11. Qe2 Bb4 12. Bd2 Ne7 13. a3 Bxc3 14. Bxc3 Qa7
15. Bb4 Nc8 16. Rac1 a5 17. Bd6 Nxd6 18. exd6 Qb6 19. Qe5 O-O 20. Rc7 Rad8 21.
Rb1 f6 22. Qe2 e5 23. b4 Qxd6 24. Rxb7 axb4 25. R1xb4 Bc6 26. Bxh7+ Kxh7 27.
Qh5+ Kg8 28. Rxg7+ Kxg7 29. Rg4# 1-0

[Event "ENCI Limburg-open C"]
[Site "Maastricht"]
[Date "2009.05.30"]
[Round "3"]
[White "Van den Bosch, Arno"]
[Black "Ramaekers, Philippe"]
[Result "0-1"]
[WhiteElo "976"]
[BlackElo "1570"]
[PlyCount "40"]
[EventDate "2009.05.29"]
[EventType "swiss"]
[EventRounds "7"]
[EventCountry "NED"]
[Source "P.Boonen"]
[SourceDate "2010.01.01"]

1. e4 e5 2. Nf3 Nc6 3. Bb5 f5 4. Bxc6 dxc6 5. O-O Nf6 6. exf5 e4 7. Re1 Bxf5 8.
d3 Be7 9. Nh4 Bg4 10. f3 exf3 11. Nxf3 O-O 12. Bf4 Nd5 13. Bg3 Bg5 14. Rf1 Ne3
15. Qe2 Nxf1 16. Qxf1 Be3+ 17. Kh1 Rxf3 18. gxf3 Qd5 19. Bf2 Bxf3+ 20. Kg1 Qg5+
0-1